000 00760nam a22002417a 4500
005 20170124110210.0
010 _aA-953382
020 _c00.00
035 _aA-953382
037 _bCen Lib/Ret
040 _aDPL
_bEN
082 _a239
_bPUR
100 _aPuri, J. R.
_938022
245 _aSultan Bahu /
_cby J. R. Puri [and] K. S. Khak
260 _bRadha Soami Satsang Beas
_aPunjab
_c1998
270 _bAmritsar
_aP.O. Dera Baba Jaimal Singh
_e143204
300 _axiii,450p.
_c23cm(Hb)
490 _aMystics of the East series
650 _aSult̤ān Bāhū, -- 1630-1691 -- Criticism and interpretation
_938023
650 _aSult̤ān Bāhū, -- 1630-1691.
_938024
700 _aKhak, K. S.
_938025
942 _2ddc
_cEN
_h239
_mPUR
999 _c133466
_d133466